000 00533nam a2200205Ia 4500
005 20250508162155.0
008 008 250505s9999 xx 000 0 eng d
020 _a0-8039-9897-X
037 _aTextual
040 _aFEDL
_beng
_cFEDL
041 _aeng
_2eng
084 _a370, KIN
_qFEDL
100 _aKing Edmund J.
245 0 _aEducation for uncertainty
260 _aLondon, UK
_bSage Publications
_c1979
300 _a250p.
650 _aEducation
942 _cTEXL
_h370, KIN
999 _c1374817
_d1374817